| 000 | 00673pam a2200265 a 4500 | ||
|---|---|---|---|
| 008 | |||
| 020 | _a0471901822 (pbk.) | ||
| 049 | _aMAIN | ||
| 090 | _aQC231 | ||
| 100 | 1 | _aPain, H. J. | |
| 245 | 1 | 4 |
_aThe physics of vibrations and waves / _cH.J. Pain. |
| 250 | _a3rd ed. | ||
| 260 |
_aChichester: _bWiley, _cc1983. |
||
| 300 |
_axvi, 416 p. : _bill. ; _c24 cm. |
||
| 500 | _aIncludes index. | ||
| 650 | 0 | _aVibration. | |
| 650 | 0 | _aWaves. | |
| 653 | _aWaves | ||
| 653 | _aVibration | ||
| 907 |
_a.b10020792 _b29-06-07 _c17-04-03 |
||
| 003 | |||
| 005 | 20230123133523.0 | ||
| 040 | _cNUST | ||
| 942 |
_cBOOKS _kQC231 |
||
| 999 |
_c150011 _d150011 |
||